Stolice państw graniczących z Polską - nagła śmierć - Statystyki

Ogólne statystyki
  • Ten quiz został rozwiązany 60 razy
  • Średni wynik to 7 z 7
Answers on the Grid
Answers color-coded by a green-red scale on the quiz's grid according to % correct below.
Berlin
Astana
Madryt
Prisztina
Bratysława
Zagrzeb
Sofia
Berno
Wiedeń
Kijów
Mińsk
Bruksela
Podgorica
Sztokholm
Moskwa
Vaduz
Lizbona
Amsterdam
Praga
Wilno
Ryga
Lublana
Bukareszt
Tallinn
Paryż
Budapeszt
Belgrad
Londyn
Valletta
Oslo
 
Statystyki odpowiedzi
Odpowiedź % Poprawnych
Berlin
100%
Kijów
100%
Mińsk
100%
Praga
100%
Moskwa
92%
Wilno
92%
Bratysława
83%
Nie znaleziono quizów pasujących do podanych kryteriów
Rozkład punktacji
Procent ludzi z każdym wynikiem
Percentyl według liczby udzielonych odpowiedzi
Twoja historia wyników
Nie rozwiązałeś tego quizu